000 00790nam a2200205Ii 4500
003 JO-AjNU
008 230605s9999||||xx |||||||||||||| ||und||
040 _aJO-AjNU
_bara
_erda
_cJO-AjNU
041 _aara
050 1 4 _aBP15.1999
100 3 _aالكواكبي،عبد الرحمن ، صالح،غانم محمد ، العاني،نوري عبد الحميد ، جواد،حسن فاضل ،واخرون/بحث,
_eauthor
_919981
245 0 0 _aام القرى
264 3 1 _aبغداد:د.ن،1999
300 _a176ص
336 _atext
_btxt
_2rdacontent
337 _aunmediated
_bn
_2rdamedia
338 _avolume
_bnc
_2rdacarrier
490 0 _aسلسلة تصنيف وتبويب مراجع الفكر العربي 1
650 4 _aالدولة العربية الاسلامية
_919982
999 _aA6692
_c10260
_d10260